Zmluva o združení

Jednou z foriem podnikania je podnikanie na základe zmluvných vzťahov podľa Občianskeho zákonníka. Podstatou tohto vzťahu je, že zmluvou nevzniká právnická osoba. Zmluvy o združení môžu uzatvárať tak právnické ako aj fyzické osoby. Jedná sa o mnohostrannú zmluvu. Združenie sa zakladá na dobu určitú...

Descrizione completa

Salvato in:
Dettagli Bibliografici
Autore principale: Válková, Katarína
Natura: Capitolo di libro
Lingua:slovacco
Soggetti:
Tags: Aggiungi Tag
Nessun Tag, puoi essere il primo ad aggiungerne!!

MARC

LEADER 00000naa a2200000 4500
001 r023463
005 20230728074010.6
041 0 |a slo 
044 |a SK 
245 1 0 |a Zmluva o združení  |c Katarína Válková 
520 |a Jednou z foriem podnikania je podnikanie na základe zmluvných vzťahov podľa Občianskeho zákonníka. Podstatou tohto vzťahu je, že zmluvou nevzniká právnická osoba. Zmluvy o združení môžu uzatvárať tak právnické ako aj fyzické osoby. Jedná sa o mnohostrannú zmluvu. Združenie sa zakladá na dobu určitú alebo neurčitú. 
610 2 0 |a podnikanie 
610 2 0 |a zmluvy 
610 2 0 |a zákonník občiansky 
610 2 0 |a združenia 
100 1 |a Válková, Katarína